Formula one drivers line-up 1979 - Statistics

General Stats
  • This quiz has been taken 182 times
  • The average score is 25 of 38
Answer Stats
Constructor Rounds Driver Nationality % Correct
Lotus All Mario Andretti USA
93%
Ferrari All Jody Scheckter South Africa
84%
Lotus All Carlos Reutemann Argentina
82%
Brabham 1-13 Niki Lauda Austria
82%
Fittipaldi All Emerson Fittipaldi Brazil
80%
Ferrari All Gilles Villeneuve Canada
80%
Williams All Alan Jones Australia
79%
Williams All Clay Regazzoni Switzerland
75%
Wolf 1-7 James Hunt UK
75%
Wolf 8-15 Keke Rosberg Finland
74%
Brabham All Nelson Piquet Brazil
74%
Ligier All Jacques Laffite France
73%
Renault All René Arnoux France
73%
McLaren All John Watson UK
72%
Tyrrell All Didier Pironi France
69%
Ligier 8-15 Jacky Ickx Belgium
68%
Tyrrell 11 Derek Daly Ireland
67%
Ensign 1-7 Derek Daly Ireland
67%
Shadow All Elio de Angelis Italy
67%
Arrows All Riccardo Patrese Italy
66%
Renault All Jean-Pierre Jabouille France
65%
Ligier 1-7 Patrick Depailler France
64%
McLaren All Patrick Tambay France
64%
Arrows All Jochen Mass Germany
61%
Merzario 1-6, 8-15 Arturo Merzario Italy
60%
ATS All Hans-Joachim Stuck Germany
59%
Rebaque 1-6, 8-15 Héctor Rebaque Mexico
59%
Tyrrell 1-9, 12-15 Jean-Pierre Jarier France
58%
Shadow All Jan Lammers Netherlands
56%
Alfa Romeo 13-15 Vittorio Brambilla Italy
56%
Ensign 13-15 Marc Surer Switzerland
54%
Alfa Romeo 6, 8, 13, 15 Bruno Giacomelli Italy
53%
Brabham 14-15 Ricardo Zunino Argentina
49%
Tyrrell 10 Geoff Lees UK
48%
Merzario 7 Gianfranco Brancatelli Italy
47%
Kauhsen 5-6 Gianfranco Brancatelli Italy
47%
Fittipaldi 14-15 Alex Ribeiro Brazil
46%
Ensign 8-12 Patrick Gaillard France
44%
No matching quizzes found
Score Distribution
Percent of People with Each Score
Percentile by Number Answered
Your Score History
You have not taken this quiz